Oracle reports 4.5 (Record no. 194683)
[ view plain ]
| 000 -LEADER | |
|---|---|
| fixed length control field | 00964 a2200145 4500 |
| 003 - CONTROL NUMBER IDENTIFIER | |
| control field | Nust |
| 005 - DATE AND TIME OF LATEST TRANSACTION | |
| control field | 20170207154200.0 |
| 040 ## - CATALOGING SOURCE | |
| Transcribing agency | Nust |
| 082 ## - DEWEY DECIMAL CLASSIFICATION NUMBER | |
| Classification number | 005.133 |
| 245 ## - TITLE STATEMENT | |
| Title | Oracle reports 4.5 |
| Statement of responsibility, etc. | Ora-Tech Systems |
| 260 ## - PUBLICATION, DISTRIBUTION, ETC. | |
| Place of publication, distribution, etc. | Karachi |
| Name of publisher, distributor, etc. | Ora-Tech Systems |
| 300 ## - PHYSICAL DESCRIPTION | |
| Extent | Various pages |
| 505 ## - FORMATTED CONTENTS NOTE | |
| Formatted contents note | Course Introduction (Page-1-1) Designing Reports-Default Report Layout Structures (Page-2-1) Invoking Oracle Reports and Report Objects (Page-3-1) Data Model Basics – Queries , Groups and Links (Page-4-1) Data Model Basics –Columns (Page-5-1) Layout Objects (page-6-1) Layout Basics-Default Layouts (Page-7-1) Layout Basics – Frames, Fields and Boilerplate (page-8-1) Layout Basics – Anchors and Buttons (Page-9-1) Common Layout Object Properties (Page-12-1) Specific Properties –Layout Objects (Page-13-1) Simple Matrix Reports and Summaries (apge-14-1) Parameters and the Parameter Form (page-16-1) Using Triggers in Oracle Reports (page-17-1) |
| 650 ## - SUBJECT ADDED ENTRY--TOPICAL TERM | |
| Topical term or geographic name entry element | Oracle |
| 942 ## - ADDED ENTRY ELEMENTS (KOHA) | |
| Source of classification or shelving scheme | |
| Koha item type | Book |
| Withdrawn status | Lost status | Source of classification or shelving scheme | Damaged status | Not for loan | Collection code | Permanent Location | Current Location | Date acquired | Total Checkouts | Full call number | Barcode | Date last seen | Price effective from | Koha item type |
|---|---|---|---|---|---|---|---|---|---|---|---|---|---|---|
| Military College of Signals (MCS) | Military College of Signals (MCS) | 12/12/2016 | 005.133 NCR | MCS21814 | 12/08/2016 | 12/12/2016 | Book |
